Score 0/17 Timer 04:00
0 Plays Today
Series Opponent % Correct
Robot Wars: Series 10Apollo
52.9%
Robot Wars: Series 10Thor
41.2%
Robot Wars: Series 10Thor
41.2%
Robot Wars: Series 9Foxic
35.3%
Robot Wars: Series 10Coyote
35.3%
Robot Wars: Series 10Coyote
35.3%
Robot Wars: Series 10Concussion
29.4%
Robot Wars: Series 10Eruption
29.4%
Robot Wars: Series 10Sabretooth
29.4%
Series Opponent % Correct
Robot Wars: Series 10Big Nipper
23.5%
Robot Wars: Series 10Iron-Awe 6
23.5%
Robot Wars: Series 10Magnetar
17.6%
Robot Wars: Series 10Push To Exit
17.6%
Robot Wars: Series 10Terrorhurtz
17.6%
Robot Wars: Series 9Heavy Metal
11.8%
Robot Wars: Series 10Track-tion
11.8%
Robot Wars: Series 9M.R. Speed Squared
5.9%

You're not logged in!

Compare scores with friends on all Sporcle quizzes.
OR
Log In

Sporcle TV

Today on Sporcle TV


Watch our educational content, quiz creation guides, and fun videos on Sporcle TV.

Show Comments

Extras

Top Quizzes Today


Score Distribution

Paid Content

Your Account Isn't Verified!

In order to create a playlist on Sporcle, you need to verify the email address you used during registration. Go to your Sporcle Settings to finish the process.

Report this User

Report this user for behavior that violates our Community Guidelines.

Details: